130 let nemocnice v Náchodě /

Hlavní autor: Maurová, Zuzana, 1958-
Jazyk: Čeština
Vydáno: [Náchod] : Oblastní nemocnice Náchod a.s., 2025
Vydání: Vydání první
Témata:
Fyzický popis: 57 stran : ilustrace (některé barevné), portréty ; 15 x 21 cm
Knihy
Uloženo v:
LEADER 02011nam a2200553 i 4500
001 nkc20253706115
003 CZ PrNK
005 20251124125139.0
007 ta
008 250828s2025 xr ac e 010 0 cze
015 |a cnb003706115 
020 |a 978-80-11-07350-3  |q (brožováno) 
035 |a (OCoLC)1559932408 
040 |a OLA001  |b cze  |e rda 
043 |a e-xr---  |b e-xr-kr  |2 czenas 
045 |a w9y2 
072 7 |a 614  |x Veřejné zdraví a hygiena  |2 Konspekt  |9 14 
080 |a 614.21  |2 MRF 
080 |a 614.21(091)  |2 MRF 
080 |a (437.313)  |2 MRF 
080 |a (082.2)  |2 MRF 
100 1 |a Maurová, Zuzana,  |d 1958-  |7 ola2006323618  |4 aut 
245 1 0 |a 130 let nemocnice v Náchodě /  |c text Zuzana Maurová 
246 3 |a Sto třicet let nemocnice v Náchodě 
250 |a Vydání první 
264 1 |a [Náchod] :  |b Oblastní nemocnice Náchod a.s.,  |c 2025 
300 |a 57 stran :  |b ilustrace (některé barevné), portréty ;  |c 15 x 21 cm 
336 |a text  |b txt  |2 rdacontent 
337 |a bez média  |b n  |2 rdamedia 
338 |a svazek  |b nc  |2 rdacarrier 
500 |a Název z obálky 
500 |a Podnázev v tiráži: 1895-2025 
504 |a Obsahuje bibliografii 
610 2 7 |a Oblastní nemocnice (Náchod, Česko)  |7 ko2007414107  |2 czenas 
648 7 |a 19.-21. století  |7 ch757016  |2 czenas 
648 4 |a 1895-2025 
650 0 7 |a nemocnice  |7 ph123221  |z Česko  |y 19.-21. století  |2 czenas 
650 0 7 |a dějiny nemocnic  |7 ph484343  |z Česko  |y 19.-21. století  |2 czenas 
650 0 9 |a hospitals  |z Czechia  |y 19th-21st centuries  |2 eczenas 
650 0 9 |a history of hospitals  |z Czechia  |y 19th-21st centuries  |2 eczenas 
651 7 |a Náchod (Česko)  |7 ge130262  |2 czenas 
651 9 |a Náchod (Czechia)  |2 eczenas 
655 7 |a jubilejní publikace  |7 fd131839  |2 czenas 
655 9 |a jubilee books  |2 eczenas 
910 2 |a BOA001  |b 2-1550.936 
990 |a BK 
995 |a 01 
991 |b 202511  |c NOV 
996 6 |b 2611018170  |c 2-1550.936  |l MZK  |r Sklad / do 1 hodiny  |n 0  |p p.v.  |w 002025123  |u 000010  |a 1  |e BOA001  |j MZK50  |s P